Normal view
MARC view
- AUTOMATIC CONTROL CONTROL THOERY ELECTRIC ENGINEERING MATHEMATICS
Entry Topical Term
001 - CONTROL NUMBER
- control field: 57326
003 - CONTROL NUMBER IDENTIFIER
- control field: NUST
005 - DATE AND TIME OF LATEST TRANSACTION
- control field: 20210628201910.0
008 - FIXED-LENGTH DATA ELEMENTS
- fixed length control field: 210628|| aca||aabn | a|a d
040 ## - CATALOGING SOURCE
- Original cataloging agency: NUST
- Transcribing agency: NUST
150 ## - HEADING--TOPICAL TERM
- Topical term or geographic name entry element: AUTOMATIC CONTROL CONTROL THOERY ELECTRIC ENGINEERING MATHEMATICS
670 ## - SOURCE DATA FOUND
- Source citation: Work cat.: (NUST): DIAZZO , J.J , HOUPIS, C. H ,DAZZE, JOHN J 57325, LINEAR CONTROL SYSTEM ANALYSIS AND DESIGN , CONVENTIONAL AND MODERN, 1975
